000 00350nab a22001097u 4500
008 130520b1989 xxu||||| |||| 00| 0 spa d
041 _aspa
100 1 _aPraetorius, Ina
_967459
245 0 0 _aRetirada del servicio. Ética feminista y ciencias naturales
_cIna Praetorius
773 0 _tConcilium
_gV.1,1989,págs.429-438
_x0210-1041
_wRev134
942 _cAR
999 _c355471
_d355471